000 00997nam a22002537a 4500
003 0
005 20251008155007.0
008 251008b xxu||||| |||| 00| 0 eng d
020 _a978-0-593-23876-9
050 _aBF 637.S8
_b.M39 2021
100 _aMckeown, Greg,
_eauthor.
245 _aEffortless :
_bmake it easier to do what matters most /
_cGreg McKeown.
250 _aFirst edition.
260 _aNew York :
_bCurrency,
_c2021
300 _a256 pages :
_billustrations ;
_c21 cm.
500 _aCompanion to the author’s previous book, Essentialism.
504 _aIncludes bibliographical references.
520 _aPresents a guide to making the most essential tasks in life the easiest to accomplish by focusing on effortless action, simplifying decision-making, and achieving results without burnout.
650 _aSuccess
_vPsychological aspects.
650 _aSelf-management (Psychology).
650 _aWork-life balance.
650 _aTime management.
942 _2lcc
_cBK
999 _c368186
_d368186